| 000 | 00502cam a22001935i 4500 | ||
|---|---|---|---|
| 999 |
_c10392 _d10392 |
||
| 003 | OSt | ||
| 005 | 20220315144705.0 | ||
| 008 | 151208s2016 nyu 000 0 eng | ||
| 020 | _a9780500343227 (hardcover) | ||
| 040 |
_aDLC _beng _erda _cDLC |
||
| 042 | _apcc | ||
| 082 |
_a725.9 _bJOD |
||
| 100 | 1 | _aJodidio, Philip. | |
| 245 | 1 | 4 |
_aThe new pavilions / _cPhilip Jodidio. |
| 263 | _a1609 | ||
| 300 | _apages cm | ||
| 942 | _2ddc | ||